| 000 | 00878nam a2200253Ii 4500 | ||
|---|---|---|---|
| 999 |
_c8969 _d8969 |
||
| 001 | 13242373 | ||
| 003 | GBCCL | ||
| 005 | 20241126110702.0 | ||
| 008 | 860305s1984 txua b 000 0 eng d | ||
| 035 | _a29528 | ||
| 040 |
_aICW _beng _erda _cICW _dSTU |
||
| 082 |
_a248 _bTHI |
||
| 090 |
_aBV4501.2 _b.T47 |
||
| 100 | 1 |
_aThieme, R. B., _cJr. _q(Robert Bunger), _d1918-2009. _0http://id.loc.gov/authorities/names/n82154235 _915693 |
|
| 245 | 1 | 0 |
_aChristian integrity / _cR.B. Thieme, Jr. |
| 264 | 1 |
_aHouston : _bR.B. Thieme, Jr. Bible Ministries, _c1984. |
|
| 300 |
_axi, 203 pages : _billustrations ; _c19 cm |
||
| 336 |
_atext _btxt _2rdacontent |
||
| 337 |
_aunmediated _bn _2rdamedia |
||
| 338 |
_avolume _bnc _2rdacarrier |
||
| 504 | _aIncludes bibliographical references. | ||
| 650 | 0 |
_aChristian life. _0http://id.loc.gov/authorities/subjects/sh85025095 _9183 |
|
| 942 |
_2ddc _cBK _01 |
||